Ultimate General Knowledge Quiz - Statistics

General Stats
  • This quiz has been taken 103 times
    78 since last reset
  • The average score is 19 of 44
Answer Stats
Hint Answer % Correct
What is the largest country in the world? Russia
91%
What is the capital of Finland? Helsinki
84%
How many valves does the heart have? 4
81%
Including the recruiter round how many games were there in Squid Game? 7
76%
What is the smallest country in the world? Vatican City
76%
Who painted the Mona Lisa? Leonardo da Vinci
75%
Which country is brie cheese originally from? France
74%
How many bones does a shark have? 0/None
72%
What does He stand for on the periodic table? Helium
72%
How many teeth does the adult human have? 32
71%
Which planet is closest to the sun? Mercury
71%
What's the biggest animal in the world? Blue Whale
68%
In what franchise would you find the character Katniss Everdeen? The Hunger Games
66%
What is the capital of Iceland? Reykjavik
65%
What nut is in the middle of a Ferrero Rocher? Hazelnut
62%
How many sides does a heptadecagon have? 17
60%
Zagreb is the capital city of which country? Croatia
56%
Where in Italy is pizza believed to have first been made? Naples
56%
What was Queen Elizabeth II's last name? Windsor
54%
When was the first iPhone released? 2007
51%
How many minutes is in a game of rugby league? 80
51%
In which decade was Madonna born? 1950s
50%
If all of the states of America were placed in alphabetical order, what would be first and last? Alabama, Wyoming
46%
Which city had the first ever fashion week? New York
44%
Which country's rugby team is known as The Springboks? South Africa
44%
Who is manager of the England football team as of 2020? Gareth Southgate
37%
How many elements are there in the periodic table? 118
34%
What is the most sold flavor of Walker's crisps? Cheese and Onion
34%
What is the name for a donkey crossed with a zebra? Zonkey/Zeedonk
34%
Which Disney Princess has a tattoo? Pocahontas
25%
Who plays Emily in the hit Netflix show, Emily In Paris? Lily Collins
19%
In Harry Potter, what is the name of The Weasley's house? The Burrow
18%
Typically, what's the strongest muscle in the human body? The jaw
18%
What's a baby rabbit called? A Kit
15%
Who came second in the FIFA Women's World Cup in 2019? Netherlands
15%
In which two countries can you not buy Coca Cola? North Korea and Cuba
15%
What was the most popular girls name in the UK in 2020? Olivia
15%
What is Scooby Doo's full name? Scoobert Doo
13%
What year was Heinz established? 1869
9%
Which five colors make up the Olympic rings in order? Blue, black, red, yellow, green
7%
What does LGBTQ stand for? Lesbian, gay, bisexual, transgender, and questioning
7%
At the time of writing (December 2022) how many episodes of The Simpsons are there? 738
3%
What did Snickers bars used to be called before the name was changed in 1990 in the UK? Marathon Bars
3%
What was the most streamed show on Netflix in 2020? The Umbrella Academy
3%
No matching quizzes found
Score Distribution
Percent of People with Each Score
Percentile by Number Answered
Your Score History
You have not taken this quiz since the last reset